000 00517nam a2200157 a 4500
008 120416s1998 ||||||||||||||||| || u
020 _a0521646049
050 _aQA 845 Gin
100 _aGinsberg, Jerry H
245 1 0 _aAdvanced engineering dynamics
250 _a2nd ed.
260 _aCambridge
_bC.U.P
_c1998
300 _axv, 462p. : ill.
350 _a0.00
995 _D0.00
_FCBU-MAIN LIBRARY (Kitwe)
_H1
_I25.99
_UAVAILABLE
_ZAnnex Low-Usage Collection
999 _c33546
_d33546